[Event "Titled Tuesday intern op 23rd Apr Late"]
[Site "Chess.com INT"]
[Date "2024.04.23"]
[Round "11"]
[White "Ozalp, Burak"]
[Black "Karas, Marek"]
[Result "0-1"]
[WhiteElo "2127"]
[BlackElo "2164"]
[PlyCount "38"]
[EventDate "2024.04.23"]
[EventType "swiss (blitz)"]
[EventRounds "11"]
[EventCountry "USA"]
[SourceTitle "CB18_2024"]
[SourceDate "2024.05.01"]
[SourceVersion "1"]
[SourceVersionDate "2024.05.01"]
[SourceQuality "2"]

1. e4 c5 2. c3 e6 3. d4 d5 4. exd5 exd5 5. Nf3 Nf6 6. Bb5+ Bd7 7. Qe2+ Be7 8. dxc5 0-0 9. Be3 Re8 10. Bxd7 Nbxd7 11. b4 Ng4 12. 0-0 Bf6 13. Nd4 Nxe3 14. fxe3 a5 15. a3 axb4 16. cxb4 Bxd4 17. Qf3 Rxe3 18. Qxf7+ Kh8 19. Qf4 Re4+ 0-1

[Event "Titled Tuesday intern op 23rd Apr Late"]
[Site "Chess.com INT"]
[Date "2024.04.23"]
[Round "4"]
[White "Ozalp, Burak"]
[Black "Merino Garcia, Rafael"]
[Result "1-0"]
[WhiteElo "2127"]
[BlackElo "2382"]
[PlyCount "51"]
[EventDate "2024.04.23"]
[EventType "swiss (blitz)"]
[EventRounds "11"]
[EventCountry "USA"]
[SourceTitle "CB18_2024"]
[SourceDate "2024.05.01"]
[SourceVersion "1"]
[SourceVersionDate "2024.05.01"]
[SourceQuality "2"]

1. d4 Nf6 2. Nf3 e6 3. Nbd2 c5 4. e3 b6 5. Bd3 Bb7 6. 0-0 Be7 7. b3 0-0 8. Bb2 d5 9. c4 Nc6 10. Rc1 cxd4 11. exd4 Rc8 12. Re1 dxc4 13. Nxc4 Nb4 14. Bb1 Nbd5 15. Nfe5 Nf4 16. Ne3 Rxc1 17. Bxc1 Qa8 18. f3 Rd8 19. N3g4 Rxd4 20. Qc2 Ng6 21. Bb2 Rd8 22. h4 Nxg4 23. Nxg4 Bxh4 24. Qc3 e5 25. Rxe5 Bg3 26. Re8+ 1-0

[Event "Titled Tuesday intern op 05th Sep Late"]
[Site "Chess.com INT"]
[Date "2023.09.05"]
[Round "9"]
[White "Estrada Nieto, Julian"]
[Black "Ozalp, Burak"]
[Result "0-1"]
[WhiteElo "2212"]
[BlackElo "2127"]
[PlyCount "130"]
[EventDate "2023.09.05"]
[EventType "swiss (blitz)"]
[EventRounds "11"]
[EventCountry "USA"]
[SourceTitle "EXT 2024"]
[Source "ChessBase"]
[SourceDate "2023.10.10"]
[SourceVersion "1"]
[SourceVersionDate "2023.10.10"]
[SourceQuality "1"]

1. e4 c5 2. Nf3 Nc6 3. Bb5 e6 4. 0-0 Nge7 5. Re1 Ng6 6. c3 Be7 7. d4 a6 8. Bd3 cxd4 9. cxd4 d5 10. e5 Nh4 11. Nxh4 Bxh4 12. Qg4 Kf8 13. Nd2 h5 14. Qf4 Qg5 15. Qxg5 Bxg5 16. Nf3 Be7 17. h4 Bd7 18. Bg5 Nb4 19. Red1 Bxg5 20. Nxg5 Ke7 21. a3 Nxd3 22. Rxd3 f6 23. Nf3 Rac8 24. Re1 Rc2 25. b3 Rhc8 26. exf6+ gxf6 27. Nd2 R8c3 28. Rxc3 Rxc3 29. Re3 Rc1+ 30. Kh2 Kd6 31. Nf3 Be8 32. Kg3 Bg6 33. Kf4 Be4 34. Nd2 Rd1 35. Nxe4+ dxe4 36. Rxe4 f5 37. Re3 Rxd4+ 38. Kg5 Rg4+ 39. Kxh5 Rxg2 40. Kh6 Ke7 41. f3 Kf7 42. h5 Rh2 43. Rc3 Kf6 44. Rc7 Rh3 45. f4 Rh4 46. Rxb7 Rxf4 47. Rb6 Rh4 48. a4 f4 49. b4 f3 50. Rc6 f2 51. Rc1 e5 52. b5 axb5 53. axb5 e4 54. b6 e3 55. b7 Rb4 56. Rc6+ Kf5 57. Rc5+ Ke6 58. Rc4 Rxb7 59. Re4+ Kd5 60. Rxe3 f1Q 61. Rg3 Qf4+ 62. Rg5+ Ke4 63. Kg6 Rb6+ 64. Kh7 Qxg5 65. h6 Rb7+ 0-1

[Event "Titled Tuesday intern op 05th Sep Late"]
[Site "Chess.com INT"]
[Date "2023.09.05"]
[Round "4"]
[White "Mendes, Aaron Reeve"]
[Black "Ozalp, Burak"]
[Result "1-0"]
[WhiteElo "2250"]
[BlackElo "2127"]
[PlyCount "73"]
[EventDate "2023.09.05"]
[EventType "swiss (blitz)"]
[EventRounds "11"]
[EventCountry "USA"]
[SourceTitle "EXT 2024"]
[Source "ChessBase"]
[SourceDate "2023.10.10"]
[SourceVersion "1"]
[SourceVersionDate "2023.10.10"]
[SourceQuality "1"]

1. e4 c5 2. Nf3 Nc6 3. Bb5 e6 4. Bxc6 dxc6 5. b3 Nf6 6. d3 Qc7 7. Bb2 Nd7 8. Nbd2 e5 9. h4 Bd6 10. h5 Nf8 11. Nh4 Be6 12. a4 0-0-0 13. a5 Kb8 14. Nc4 g6 15. Nf3 f6 16. hxg6 Nxg6 17. Qd2 Nf4 18. g3 Ng6 19. 0-0-0 Bg4 20. Qe3 b5 21. axb6 axb6 22. Rh6 b5 23. Nxd6 Qxd6 24. Ba3 b4 25. Bb2 Kb7 26. Rdh1 Qe7 27. Nd2 Rd4 28. f4 Kb6 29. Qf2 Qa7 30. Rxg6 Ra8 31. Rxf6 h5 32. Nc4+ Rxc4 33. dxc4 Qa2 34. fxe5 Rd8 35. Rd6 Ra8 36. Qxc5+ Kxc5 37. Bd4# 1-0

[Event "Titled Tuesday intern op 05th Sep Early"]
[Site "Chess.com INT"]
[Date "2023.09.05"]
[Round "8"]
[White "Ozalp, Burak"]
[Black "Fernandez, Gerardo"]
[Result "0-1"]
[WhiteElo "2127"]
[BlackElo "2181"]
[PlyCount "66"]
[EventDate "2023.09.05"]
[EventType "swiss (blitz)"]
[EventRounds "11"]
[EventCountry "USA"]
[SourceTitle "EXT 2024"]
[Source "ChessBase"]
[SourceDate "2023.10.10"]
[SourceVersion "1"]
[SourceVersionDate "2023.10.10"]
[SourceQuality "1"]

1. Nf3 Nf6 2. b3 g6 3. Bb2 Bg7 4. g3 0-0 5. Bg2 d5 6. 0-0 c5 7. c4 Nc6 8. cxd5 Nxd5 9. Bxg7 Kxg7 10. Nc3 Nxc3 11. dxc3 Qc7 12. Qc1 b6 13. Qe3 Bb7 14. Rfd1 Rad8 15. h4 h6 16. h5 g5 17. c4 Qc8 18. Qc3+ f6 19. Qc2 f5 20. Qc3+ Kf7 21. e3 Qe6 22. Nxg5+ hxg5 23. Bd5 Rxd5 24. cxd5 Qe5 25. Qc4 Na5 26. Qd3 Rd8 27. e4 Qxe4 28. Qxe4 fxe4 29. Kf1 Bxd5 30. Ke2 c4 31. bxc4 Bxc4+ 32. Ke3 Bd3 33. h6 Nc4# 0-1

[Event "Titled Tuesday intern op 05th Sep Late"]
[Site "Chess.com INT"]
[Date "2023.09.05"]
[Round "11"]
[White "Ozalp, Burak"]
[Black "Rottenwohrer Suarez, Juan"]
[Result "0-1"]
[WhiteElo "2127"]
[BlackElo "2281"]
[PlyCount "120"]
[EventDate "2023.09.05"]
[EventType "swiss (blitz)"]
[EventRounds "11"]
[EventCountry "USA"]
[SourceTitle "EXT 2024"]
[Source "ChessBase"]
[SourceDate "2023.10.10"]
[SourceVersion "1"]
[SourceVersionDate "2023.10.10"]
[SourceQuality "1"]

1. e4 c6 2. Nc3 d5 3. Nf3 Bg4 4. h3 Bxf3 5. Qxf3 e6 6. d3 Nf6 7. g3 d4 8. Nb1 c5 9. Bg2 Nc6 10. 0-0 Be7 11. Nd2 h5 12. a4 h4 13. g4 e5 14. Nc4 Nd7 15. Qe2 g5 16. c3 0-0 17. Bd2 Kg7 18. Qe1 b6 19. Qb1 a6 20. Rc1 b5 21. axb5 axb5 22. Rxa8 Qxa8 23. Na3 Qa6 24. Bf1 dxc3 25. Bxc3 b4 26. d4 Qb7 27. dxe5 bxc3 28. Rxc3 Ndxe5 29. Nc4 Nxc4 30. Bxc4 Nd4 31. Kg2 Bf6 32. Bd5 Qb6 33. Re3 Be5 34. Ra3 Ne6 35. Kh1 Qxb2 36. Qxb2 Bxb2 37. Ra7 Nf4 38. Bc4 Bd4 39. Kh2 Bxf2 40. Rd7 Bg3+ 41. Kg1 Nxh3+ 42. Kf1 Nf4 43. e5 h3 44. Bd5 Nxd5 45. Rxd5 Re8 46. Kg1 Rxe5 47. Rxe5 Bxe5 48. Kh1 Bg3 49. Kg1 Kf6 50. Kf1 Ke5 51. Ke2 Kf4 52. Kd3 Kxg4 53. Kc4 f5 54. Kxc5 f4 55. Kd4 f3 56. Kd3 Kf4 57. Kd2 Bf2 58. Kd1 g4 59. Kd2 g3 60. Kd3 g2 0-1

[Event "Titled Tuesday intern op 29th Aug Early"]
[Site "Chess.com INT"]
[Date "2023.08.29"]
[Round "11"]
[White "Ozalp, Burak"]
[Black "Fiorito, Francisco"]
[Result "0-1"]
[WhiteElo "2183"]
[BlackElo "2340"]
[PlyCount "105"]
[EventDate "2023.08.29"]
[EventType "swiss (blitz)"]
[EventRounds "11"]
[EventCountry "USA"]
[SourceTitle "EXT 2024"]
[Source "ChessBase"]
[SourceDate "2023.10.10"]
[SourceVersion "1"]
[SourceVersionDate "2023.10.10"]
[SourceQuality "1"]

1. e4 c5 2. Nc3 Nc6 3. Bc4 g6 4. a3 Bg7 5. Nge2 e6 6. Ba2 Nge7 7. d3 d5 8. Bg5 h6 9. Bxe7 Nxe7 10. exd5 exd5 11. Nf4 d4 12. Ne4 Qc7 13. Qf3 0-0 14. 0-0-0 Kh7 15. g4 f5 16. Ng5+ hxg5 17. Qh3+ Bh6 18. Nd5 Nxd5 19. Bxd5 fxg4 20. Qg3 Qf4+ 21. Kb1 Bf5 22. Rde1 Rae8 23. Bxb7 Bg7 24. Bc6 Rxe1+ 25. Rxe1 Rc8 26. Bd5 Bf6 27. Qg1 Rb8 28. Re2 Qd6 29. Bc4 Qb6 30. b3 a5 31. a4 Qd6 32. Qe1 Qc7 33. Re6 Bxe6 34. Qxe6 Kg7 35. Qxg4 Rd8 36. Qe4 Qxh2 37. Qb7+ Kh6 38. Kb2 Qxf2 39. Qc7 g4 40. Bd5 Rxd5 41. Qc8 Qf5 42. Qf8+ Bg7 43. Qb8 Re5 44. Qb7 Qf3 45. Qb8 g3 46. Qd8 Qf6 47. Qa8 Re2 48. Qh1+ Rh2 49. Qc1+ Qg5 50. Qe1 g2 51. Ka2 g1Q 52. Ka3 Qxe1 53. c4 0-1

[Event "Titled Tuesday intern op 22nd Aug Late"]
[Site "Chess.com INT"]
[Date "2023.08.22"]
[Round "5"]
[White "Ozalp, Burak"]
[Black "Flom, Gabriel"]
[Result "0-1"]
[WhiteElo "2183"]
[BlackElo "2429"]
[PlyCount "116"]
[EventDate "2023.08.22"]
[EventType "swiss (blitz)"]
[EventRounds "11"]
[EventCountry "USA"]
[SourceTitle "EXT 2024"]
[Source "ChessBase"]
[SourceDate "2023.10.10"]
[SourceVersion "1"]
[SourceVersionDate "2023.10.10"]
[SourceQuality "1"]

1. e4 e6 2. d3 d5 3. Nd2 Nf6 4. g3 c5 5. Ngf3 Nc6 6. Bg2 Be7 7. 0-0 b6 8. Re1 Bb7 9. c3 Qc7 10. a4 Rd8 11. Qc2 0-0 12. Nf1 dxe4 13. dxe4 Ba6 14. a5 Nxa5 15. e5 Bd3 16. Qa4 Nd5 17. Qg4 Nb3 18. Ra4 b5 19. Rae4 Nxc1 20. Rxc1 h5 21. Qxh5 Bxe4 22. Ng5 Bxg5 23. Bxe4 f5 24. Bxd5 Rxd5 25. Qxg5 Qxe5 26. Ne3 f4 27. gxf4 Qxg5+ 28. fxg5 Rxg5+ 29. Kf1 a5 30. Rd1 c4 31. Rd6 Re5 32. Ke2 a4 33. Rd7 Rf4 34. Rd8+ Kh7 35. Re8 Rh4 36. Kf3 Rxh2 37. Ng4 Rf5+ 38. Kg3 Rh1 39. f4 Rg1+ 40. Kf3 Rf1+ 41. Nf2 Rxf2+ 42. Kxf2 Rxf4+ 43. Ke3 Rf6 44. Rb8 Rf5 45. Rb6 Re5+ 46. Kd4 Rd5+ 47. Ke4 Rf5 48. Rxe6 g6 49. Rb6 Kh6 50. Ke3 Kh5 51. Rb8 Kg4 52. Ke2 g5 53. Rb6 Kg3 54. Rb8 g4 55. Rd8 Kg2 56. Rd2 Rf2+ 57. Ke1 Rxd2 58. Kxd2 Kf2 0-1

[Event "Titled Tuesday intern op 22nd Aug Late"]
[Site "Chess.com INT"]
[Date "2023.08.22"]
[Round "1"]
[White "Ozalp, Burak"]
[Black "Hjartarson, Johann"]
[Result "0-1"]
[WhiteElo "2183"]
[BlackElo "2432"]
[PlyCount "38"]
[EventDate "2023.08.22"]
[EventType "swiss (blitz)"]
[EventRounds "11"]
[EventCountry "USA"]
[SourceTitle "EXT 2024"]
[Source "ChessBase"]
[SourceDate "2023.10.10"]
[SourceVersion "1"]
[SourceVersionDate "2023.10.10"]
[SourceQuality "1"]

1. e4 e5 2. Nf3 Nc6 3. Bb5 a6 4. Ba4 Nf6 5. 0-0 Be7 6. Qe2 b5 7. Bb3 0-0 8. c3 Bb7 9. h3 d5 10. d3 Re8 11. Rd1 Bf8 12. Nbd2 Na5 13. Bc2 c5 14. Nf1 h6 15. Ng3 Qc7 16. Nf5 c4 17. exd5 Bxd5 18. d4 exd4 19. Qf1 d3 0-1

[Event "Titled Tuesday intern op 22nd Aug Early"]
[Site "Chess.com INT"]
[Date "2023.08.22"]
[Round "1"]
[White "Ozalp, Burak"]
[Black "Smirnov, Alexandr A"]
[Result "0-1"]
[WhiteElo "2183"]
[BlackElo "2136"]
[PlyCount "88"]
[EventDate "2023.08.22"]
[EventType "swiss (blitz)"]
[EventRounds "11"]
[EventCountry "USA"]
[SourceTitle "EXT 2024"]
[Source "ChessBase"]
[SourceDate "2023.10.10"]
[SourceVersion "1"]
[SourceVersionDate "2023.10.10"]
[SourceQuality "1"]

1. e4 d5 2. exd5 Qxd5 3. Nc3 Qd6 4. d4 Nf6 5. Nf3 a6 6. g3 Bg4 7. h3 Bh5 8. Bg2 Nc6 9. d5 Ne5 10. Bf4 Bxf3 11. Bxf3 Nxf3+ 12. Qxf3 e5 13. Bg5 Be7 14. 0-0 0-0-0 15. Rad1 Kb8 16. Rfe1 h6 17. Bxf6 Qxf6 18. Qxf6 Bxf6 19. Ne4 Be7 20. g4 h5 21. g5 f6 22. h4 Rhf8 23. Kg2 b5 24. a3 Rd7 25. Rd3 f5 26. Ng3 e4 27. Rdd1 g6 28. f4 Rfd8 29. Ne2 Rxd5 30. Nc3 Rd2+ 31. Rxd2 Rxd2+ 32. Re2 Rxe2+ 33. Nxe2 c5 34. Nc3 Kc7 35. Nd5+ Kd6 36. Nxe7 Kxe7 37. Kf2 Kd6 38. Ke3 Kd5 39. b3 b4 40. a4 c4 41. Ke2 cxb3 42. cxb3 Kd4 43. Kd2 a5 44. Ke2 Kc3 0-1

[Event "Titled Tuesday intern op 22nd Aug Early"]
[Site "Chess.com INT"]
[Date "2023.08.22"]
[Round "2"]
[White "Ozalp, Burak"]
[Black "Sreyas, Payyappat"]
[Result "1-0"]
[WhiteElo "2183"]
[BlackElo "2075"]
[PlyCount "63"]
[EventDate "2023.08.22"]
[EventType "swiss (blitz)"]
[EventRounds "11"]
[EventCountry "USA"]
[SourceTitle "EXT 2024"]
[Source "ChessBase"]
[SourceDate "2023.10.10"]
[SourceVersion "1"]
[SourceVersionDate "2023.10.10"]
[SourceQuality "1"]

1. e4 c6 2. d3 d5 3. Nf3 dxe4 4. dxe4 Qxd1+ 5. Kxd1 Bg4 6. Nbd2 Nd7 7. c3 Ngf6 8. Kc2 0-0-0 9. Bc4 e6 10. Re1 Nb6 11. Bb3 Bc5 12. Re2 Nbd7 13. h3 Bh5 14. Nc4 Nxe4 15. Rxe4 Bg6 16. Nfd2 Bxf2 17. Kd1 b5 18. Nd6+ Kc7 19. Nxf7 Bxf7 20. Rf4 Bh5+ 21. g4 Be3 22. Rf3 Bxd2 23. Bxd2 Bg6 24. Re3 Nc5 25. Bc2 Bxc2+ 26. Kxc2 Rhe8 27. Rae1 Re7 28. Re5 Kb6 29. Be3 Rd5 30. Bg1 a5 31. b4 axb4 32. cxb4 1-0

[Event "Titled Tuesday intern op 22nd Aug Early"]
[Site "Chess.com INT"]
[Date "2023.08.22"]
[Round "4"]
[White "Tologontegin, Semetey"]
[Black "Ozalp, Burak"]
[Result "1-0"]
[WhiteElo "2368"]
[BlackElo "2183"]
[PlyCount "59"]
[EventDate "2023.08.22"]
[EventType "swiss (blitz)"]
[EventRounds "11"]
[EventCountry "USA"]
[SourceTitle "EXT 2024"]
[Source "ChessBase"]
[SourceDate "2023.10.10"]
[SourceVersion "1"]
[SourceVersionDate "2023.10.10"]
[SourceQuality "1"]

1. e4 e6 2. d4 d5 3. e5 c5 4. c3 Nc6 5. Nf3 Qb6 6. Be2 Bd7 7. 0-0 Rc8 8. dxc5 Bxc5 9. b4 Bf8 10. Re1 Nge7 11. Bd3 a6 12. Bf4 Ng6 13. Bg3 Be7 14. h4 h5 15. Bxg6 fxg6 16. Qd3 Kf7 17. Nbd2 Qb5 18. Qe3 Rhf8 19. a4 d4 20. Qf4+ Kg8 21. axb5 Rxf4 22. Bxf4 axb5 23. Nxd4 Nxd4 24. cxd4 Bxb4 25. Rec1 Rf8 26. Be3 Bc6 27. Nb3 Be7 28. g3 Rf3 29. Ra7 g5 30. Rxc6 1-0

[Event "Titled Tuesday intern op 08th Aug Late"]
[Site "Chess.com INT"]
[Date "2023.08.08"]
[Round "1"]
[White "Ozalp, Burak"]
[Black "Korchmar, Vasiliy"]
[Result "0-1"]
[WhiteElo "2183"]
[BlackElo "2438"]
[PlyCount "74"]
[EventDate "2023.08.08"]
[EventType "swiss (blitz)"]
[EventRounds "11"]
[EventCountry "USA"]
[SourceTitle "EXT 2024"]
[Source "ChessBase"]
[SourceDate "2023.10.10"]
[SourceVersion "1"]
[SourceVersionDate "2023.10.10"]
[SourceQuality "1"]

1. Nf3 d5 2. c4 c6 3. e3 Nf6 4. b3 Bg4 5. Bb2 e6 6. Be2 Nbd7 7. 0-0 Bd6 8. h3 Bh5 9. d4 0-0 10. Ba3 Bxa3 11. Nxa3 Ne4 12. Nb1 a5 13. Qc2 a4 14. Nbd2 Nxd2 15. Qxd2 Qe7 16. Rfb1 a3 17. cxd5 exd5 18. b4 b5 19. Rb3 Nb6 20. Ne5 Nc4 21. Nxc4 bxc4 22. Rbb1 Bg6 23. Rc1 Rfb8 24. Rab1 Bxb1 25. Rxb1 Ra4 26. b5 Rxb5 27. Rxb5 cxb5 28. Bf3 Qd6 29. Qc2 g6 30. h4 h5 31. g4 hxg4 32. Bxg4 Rb4 33. h5 Rb2 34. Qd1 Qf6 35. Bf3 Qf5 36. hxg6 Rb1 37. gxf7+ Kf8 0-1

[Event "Titled Tuesday intern op 08th Aug Late"]
[Site "Chess.com INT"]
[Date "2023.08.08"]
[Round "2"]
[White "Shtembuliak, Evgeny"]
[Black "Ozalp, Burak"]
[Result "1-0"]
[WhiteElo "2620"]
[BlackElo "2183"]
[PlyCount "51"]
[EventDate "2023.08.08"]
[EventType "swiss (blitz)"]
[EventRounds "11"]
[EventCountry "USA"]
[SourceTitle "EXT 2024"]
[Source "ChessBase"]
[SourceDate "2023.10.10"]
[SourceVersion "1"]
[SourceVersionDate "2023.10.10"]
[SourceQuality "1"]

1. e4 c6 2. d4 d5 3. exd5 cxd5 4. Bd3 Qc7 5. c3 Nc6 6. Ne2 Bg4 7. 0-0 e6 8. Qe1 Bd6 9. f3 Bh5 10. Qh4 Nf6 11. Bg5 Bg6 12. Bxg6 fxg6 13. Bxf6 gxf6 14. Qxf6 Rf8 15. Qxe6+ Ne7 16. f4 Qd7 17. Qxd7+ Kxd7 18. Nd2 Nf5 19. Nf3 Rae8 20. Ne5+ Kc7 21. Rf3 g5 22. fxg5 Bxe5 23. dxe5 Rxe5 24. Nd4 Nxd4 25. Rxf8 Ne2+ 26. Kf2 1-0

[Event "Titled Tuesday intern op 20th Jun Late"]
[Site "Chess.com INT"]
[Date "2023.06.20"]
[Round "2"]
[White "Garcia Ramos, Daniel"]
[Black "Ozalp, Burak"]
[Result "1-0"]
[WhiteElo "2462"]
[BlackElo "2183"]
[PlyCount "39"]
[EventDate "2023.06.20"]
[EventType "swiss (blitz)"]
[EventRounds "11"]
[EventCountry "USA"]
[SourceTitle "EXT 2024"]
[Source "ChessBase"]
[SourceDate "2023.10.10"]
[SourceVersion "1"]
[SourceVersionDate "2023.10.10"]
[SourceQuality "1"]

1. e4 c5 2. Nf3 e6 3. d4 cxd4 4. Nxd4 Nc6 5. Nc3 Qc7 6. Be3 a6 7. a3 Nf6 8. f4 b5 9. e5 Nd5 10. Nxd5 exd5 11. Be2 Bc5 12. Nxb5 axb5 13. Bxc5 Nxe5 14. Qxd5 Nc6 15. 0-0-0 Qxf4+ 16. Kb1 Kd8 17. Rhe1 Qf6 18. Bb6+ Ke8 19. Bh5+ Kf8 20. Bc5+ 1-0

[Event "Titled Tuesday intern op 20th Jun Late"]
[Site "Chess.com INT"]
[Date "2023.06.20"]
[Round "10"]
[White "Ozalp, Burak"]
[Black "Hajiyev, Kanan"]
[Result "1/2-1/2"]
[WhiteElo "2183"]
[BlackElo "2164"]
[PlyCount "126"]
[EventDate "2023.06.20"]
[EventType "swiss (blitz)"]
[EventRounds "11"]
[EventCountry "USA"]
[SourceTitle "EXT 2024"]
[Source "ChessBase"]
[SourceDate "2023.10.10"]
[SourceVersion "1"]
[SourceVersionDate "2023.10.10"]
[SourceQuality "1"]

1. Nf3 d5 2. g3 c6 3. Bg2 Nf6 4. 0-0 g6 5. d3 Bg7 6. Nbd2 0-0 7. e4 dxe4 8. dxe4 a5 9. c3 Qc7 10. Qc2 Na6 11. Nc4 Nd7 12. Rd1 b5 13. Bf4 e5 14. Rxd7 Bxd7 15. Ncxe5 g5 16. Nxd7 gxf4 17. Nxf8 Rxf8 18. Rd1 Nc5 19. e5 h6 20. Qf5 fxg3 21. hxg3 Re8 22. Re1 a4 23. a3 Qc8 24. Qxc8 Rxc8 25. Nd4 Nd3 26. Re2 Nxe5 27. f4 Nc4 28. Nxc6 Bf6 29. Bd5 Nb6 30. Bf3 Rc7 31. Re8+ Kg7 32. Rb8 Nc4 33. Rxb5 Nd2 34. Bg2 h5 35. Rxh5 Rb7 36. Nb4 Nc4 37. g4 Re7 38. g5 Re1+ 39. Kf2 Bxc3 40. bxc3 Rc1 41. Be4 Rxc3 42. Rh7+ Kg8 43. Nd5 Rxa3 44. Nf6+ Kf8 45. Rh8+ Ke7 46. Re8+ Kd6 47. Bf5 Ra2+ 48. Kg3 Ra3+ 49. Kh4 Ne3 50. Bg4 Ng2+ 51. Kh5 Nxf4+ 52. Kh6 Rg3 53. Kg7 Kc6 54. Kxf7 a3 55. Ra8 Kb7 56. Ra4 Nd3 57. g6 Nc5 58. Rxa3 Rxa3 59. g7 Ra8 60. Ne8 Ne4 61. g8Q Rxe8 62. Qxe8 Nd6+ 63. Ke7 Nxe8 1/2-1/2

[Event "Titled Tuesday intern op 13th Jun Early"]
[Site "Chess.com INT"]
[Date "2023.06.13"]
[Round "5"]
[White "Bethke, Richard"]
[Black "Ozalp, Burak"]
[Result "0-1"]
[WhiteElo "2382"]
[BlackElo "2183"]
[PlyCount "40"]
[EventDate "2023.06.13"]
[EventType "swiss (blitz)"]
[EventRounds "11"]
[EventCountry "USA"]
[SourceTitle "EXT 2024"]
[Source "ChessBase"]
[SourceDate "2023.10.10"]
[SourceVersion "1"]
[SourceVersionDate "2023.10.10"]
[SourceQuality "1"]

1. e4 c6 2. Nf3 d5 3. Nc3 dxe4 4. Nxe4 Nf6 5. Qe2 Nxe4 6. Qxe4 Nd7 7. Bc4 Nf6 8. Ne5 e6 9. Qe2 Bd6 10. 0-0 0-0 11. d4 Qc7 12. Bg5 Nd5 13. Bh4 b6 14. Bg3 Bb7 15. Rfd1 Rac8 16. Bd3 c5 17. dxc5 Qxc5 18. c4 Nb4 19. Nd7 Qc6 20. Bxd6 Qxg2# 0-1

[Event "Titled Tuesday intern op 13th Jun Late"]
[Site "Chess.com INT"]
[Date "2023.06.13"]
[Round "6"]
[White "Feng, Eric1111"]
[Black "Ozalp, Burak"]
[Result "1-0"]
[WhiteElo "1991"]
[BlackElo "2183"]
[PlyCount "65"]
[EventDate "2023.06.13"]
[EventType "swiss (blitz)"]
[EventRounds "11"]
[EventCountry "USA"]
[SourceTitle "EXT 2024"]
[Source "ChessBase"]
[SourceDate "2023.10.10"]
[SourceVersion "1"]
[SourceVersionDate "2023.10.10"]
[SourceQuality "1"]

1. d4 Nf6 2. c4 g6 3. Nf3 Bg7 4. g3 0-0 5. Bg2 d6 6. 0-0 Nc6 7. Nc3 a6 8. d5 Na5 9. Qd3 c5 10. e4 b5 11. cxb5 axb5 12. Nxb5 Ba6 13. a4 c4 14. Qe2 Nb3 15. Ra3 Nxc1 16. Rxc1 Bxb5 17. axb5 Rxa3 18. bxa3 Qa5 19. Qxc4 Qxa3 20. Rb1 Nd7 21. b6 Nc5 22. Nd4 Bxd4 23. Qxd4 Rb8 24. e5 Qa5 25. exd6 exd6 26. Qf6 Qd2 27. Qxd6 Na6 28. b7 Qd3 29. Rb6 Qd1+ 30. Bf1 Re8 31. Rxa6 Re1 32. b8Q+ Kg7 33. Qbf8# 1-0

[Event "Titled Tuesday intern op 13th Jun Early"]
[Site "Chess.com INT"]
[Date "2023.06.13"]
[Round "3"]
[White "Ozalp, Burak"]
[Black "Becerra, Juan David"]
[Result "0-1"]
[WhiteElo "2183"]
[BlackElo "2382"]
[PlyCount "72"]
[EventDate "2023.06.13"]
[EventType "swiss (blitz)"]
[EventRounds "11"]
[EventCountry "USA"]
[SourceTitle "EXT 2024"]
[Source "ChessBase"]
[SourceDate "2023.10.10"]
[SourceVersion "1"]
[SourceVersionDate "2023.10.10"]
[SourceQuality "1"]

1. Nf3 d5 2. e3 Bg4 3. h3 Bxf3 4. Qxf3 c6 5. b3 Nf6 6. Bb2 Nbd7 7. d4 Ne4 8. Bd3 Ndf6 9. 0-0 e6 10. c4 Be7 11. Qe2 0-0 12. Rc1 a5 13. Nc3 Nxc3 14. Bxc3 a4 15. cxd5 exd5 16. Rab1 a3 17. b4 b5 18. Be1 Qd7 19. f4 Ne4 20. Qc2 Nd6 21. Bxh7+ Kh8 22. Bd3 Ra6 23. Qe2 f5 24. Qh5+ Kg8 25. Bh4 Bxh4 26. Qxh4 Qe6 27. Kf2 Re8 28. Re1 Ra4 29. Rbc1 Rxb4 30. Kg1 Nc4 31. Qg5 Rf8 32. g4 Nd2 33. Kf2 Ne4+ 34. Bxe4 dxe4 35. Rc2 Rb2 36. Rec1 Qxa2 0-1

[Event "Titled Tuesday intern op 13th Jun Early"]
[Site "Chess.com INT"]
[Date "2023.06.13"]
[Round "10"]
[White "Ozalp, Burak"]
[Black "Guzman Lozano, Campo Elias"]
[Result "0-1"]
[WhiteElo "2183"]
[BlackElo "1924"]
[PlyCount "90"]
[EventDate "2023.06.13"]
[EventType "swiss (blitz)"]
[EventRounds "11"]
[EventCountry "USA"]
[SourceTitle "EXT 2024"]
[Source "ChessBase"]
[SourceDate "2023.10.10"]
[SourceVersion "1"]
[SourceVersionDate "2023.10.10"]
[SourceQuality "1"]

1. Nf3 c5 2. c4 Nc6 3. g3 g6 4. Bg2 Bg7 5. 0-0 d6 6. Nc3 Nf6 7. Rb1 0-0 8. a3 a5 9. d3 Ng4 10. Ne1 h5 11. Nc2 e6 12. h3 Nh6 13. Bd2 Nf5 14. b4 axb4 15. axb4 cxb4 16. Nxb4 Bd7 17. Nc2 Rb8 18. e3 Nfe7 19. Nb5 Be8 20. Bc3 d5 21. Bxg7 Kxg7 22. Qd2 Ne5 23. Qc3 f6 24. f4 N5c6 25. Ncd4 Bf7 26. g4 hxg4 27. hxg4 Nxd4 28. Nxd4 dxc4 29. g5 Ng8 30. dxc4 e5 31. Nf3 exf4 32. exf4 Qd6 33. gxf6+ Qxf6 34. Ne5 Nh6 35. Qh3 Nf5 36. Rbd1 b5 37. Nd7 Qb2 38. Rf2 Qb4 39. Nxb8 Rxb8 40. cxb5 Qxb5 41. Rfd2 Qc5+ 42. Kf1 Ne3+ 43. Ke1 Nxd1 44. Rxd1 Qg1+ 45. Kd2 Rd8+ 0-1